Le livre des morts d'Aset-Ouret /
Main Author:
Format: Book
Language: French
Published:
Città del Vaticano :
Edizioni Musei Vaticani,
c2013.
Series:
Aegyptiaca gregoriana ;
6.
AegGreg ;
6.
Subjects:
Tags: Add Tag
Call Number: ( F )DT57 .V24 v.6/1-2
| LEADER | 00753nam a2200241Ia 4500 | ||
|---|---|---|---|
| 003 | OSt | ||
| 005 | 20260513100657.0 | ||
| 008 | 221124s2013 vc a b 001 0 fre d | ||
| 020 | |a 9788882712563 | ||
| 040 | |c ARCE Library | ||
| 050 | 4 | |a ( F )DT57 .V24 v.6/1-2 | |
| 100 | 1 | |a Albert, Florence. | |
| 245 | 1 | 0 | |a Le livre des morts d'Aset-Ouret / |c Florence Albert. |
| 264 | 1 | |a Città del Vaticano : |b Edizioni Musei Vaticani, |c c2013. | |
| 300 | |a 2 v. : |b ill. (some col.) ; |c 36 cm. | ||
| 490 | 0 | |a Aegyptiaca gregoriana ; |v 6. | |
| 490 | 0 | |a AegGreg ; |v 6. | |
| 505 | 0 | |a [1]. [Text] -- [2]. Plates. | |
| 610 | 2 | 0 | |a Museo gregoriano egizio. Manuscript. Papyrus 38603. |
| 630 | 0 | 0 | |a Book of the dead. |
| 901 | |a reviewed | ||
| 942 | |2 lcc |c BK | ||
| 999 | |c 50548 |d 50548 | ||
